Top 3 des joueurs par pays sur FIFA 19 - Statistiques

Statistiques générales
  • Ce quiz a été pris 1 955 fois
  • Le résultat moyen est 33 sur 81
Statistiques - réponses
% Correct
Argentine 1 Lionel Messi 94
88%
2 Riyad Mahrez 85
86%
Brésil 1 Neymar Jr 92
84%
Angleterre 1 Harry Kane 89
81%
Belgique 1 Eden Hazard 91
80%
2 Kévin De Bruyne 91
80%
Croatie 1 Luka Modrić 91
80%
France 1 Antoine Griezmann 89
79%
2 Manuel Neuer 90
79%
Portugal 1 Cristiano Ronaldo 94
76%
3 Thibaut Courtois 90
73%
Colombie 1 James Rodriguez 88
72%
Pays de Galles 1 Gareth Bale 88
67%
3 Hugo Lloris 88
67%
Pologne 1 Robert Lewandowski 90
67%
Chili 1 Alexis Sanchez 87
66%
3 David Silva 89
66%
2 N'Golo Kanté 89
66%
2 Thiago Silva 88
66%
Uruguay 1 Luis Suarez 91
65%
2 Sadio Mané 86
65%
2 Arturo Vidal 85
63%
Danemark 1 Christian Eriksen 88
63%
2 Edin Džeko 85
61%
3 Edinson Cavani 89
60%
Espagne 1 Sergio Ramos 91
60%
2 Ivan Rakitić 87
58%
Bosnie-Herzégovine 1 Miralem Pjanić 86
57%
2 Sergio Agüero 89
54%
3 Paulo Dybala 89
53%
Allemagne 1 Toni Kroos 90
50%
2 Gianluigi Buffon 88
49%
2 Virgil Van Dijk 85
49%
3 Ivan Perišić 86
47%
2 Radamel Falcao 85
47%
2 David De Gea 91
45%
2 Raheem Sterling 85
43%
Slovénie 1 Jan Oblak 90
42%
Sénégal 1 Kalidou Koulibaly 87
42%
2 Diego Godin 90
41%
Italie 1 Giorgio Chellini 89
41%
2 Aaron Ramsey 82
38%
2 Pepe 85
38%
2 Hakim Ziyech 82
37%
3 Mats Hummels 89
35%
3 Marcelo 88
32%
Pays-Bas 1 Arjen Robben 85
31%
3 Juan Cuadrado 84
31%
2 Xherdan Shaqiri 81
31%
Slovaquie 1 Marek Hamšík 87
30%
2 Samir Handanovic 88
30%
2 Kasper Schmeichel 84
26%
Grèce 1 Kostas Manolas 85
26%
3 Lorenzo Insigne 88
25%
2 Sokratis Papastathopoulos 84
24%
Suisse 1 Yann Sommer 82
24%
Maroc 1 Medhi Benatia 86
23%
Algérie 1 Yacine Brahimi 85
22%
2 Sergej Milinković-Savić 85
21%
3 Kyle Walker 84
20%
2 Milan Škriniar 85
14%
3 Burak Yilmaz 79
13%
3 Kamil Glik 83
13%
3 Ricardo Quaresma 84
13%
3 Claudio Bravo 79
12%
3 Idrissa Gueye 82
11%
2 Wojciech Szczesny 84
10%
2 Hakan Çalhanoğlu 80
9%
Serbie 1 Nemanja Matić 86
9%
3 Edin Višća 82
8%
3 Stefan De Vrij 84
8%
3 Roman Bürki 81
6%
3 Faouzi Ghoulam 81
5%
3 Kyriakos Papadopoulos 78
5%
3 Ben Davies 81
4%
3 Younès Belhanda 80
4%
3 Daniel Wass 82
3%
3 Kévin Kampl 82
2%
Turquie 1 Ömer Toprak 82
2%
3 Martin Škrtel 81
1%
3 Ljubomir Fejsa 82
0%
Aucun quiz correspondant
Distribution des résultats
% des personnes avec chaque résultat
Percentile par nombre de réponses
Votre historique - résultats
Vous n’avez pas pris ce quiz